000 01562nad a2200409 a 4500
001 MIU01000000000000003603148
003 MiU
005 20231010140929.0
007 cr mnummmmuuuu
008 020522r20001972nyu sb 001 0 eng d
010 _z00056980
020 _z023112239X
024 7 _a2027/heb00094
_2hdl
040 _aMiU
_cMiU
090 _aE744
_b(INTERNET)
100 1 _aGaddis, John Lewis.
_931921
245 1 4 _aThe United States and the origins of the cold war, 1941-1947
_h[electronic resource] /
_cJohn Lewis Gaddis.
300 _axv, 396 p. ;
_c23 cm.
490 0 _aContemporary American history series
500 _aOriginally published: c1972. With new introd.
504 _aIncludes bibliographical references (p. [363]-382) and index.
651 0 _aUnited States
_xForeign relations
_y1945-1953.
_931922
651 0 _aUnited States
_xForeign relations
_y1933-1945.
_931923
651 0 _aUnited States
_xForeign relations
_zSoviet Union.
_931924
651 0 _aSoviet Union
_xForeign relations
_zUnited States.
_931925
830 0 _aACLS Humanities E-Book.
_931926
856 4 0 _zVolltext
_uhttps://hdl.handle.net/2027/heb00094
942 _cEB
500 _aE-Book-ACLS / Zugriff nur im DHI-Lesesaal
653 _aCold War.
336 _2rdacontent
_btxt
_aText
337 _2rdamedia
_bbc
_aComputermedien
338 _2rdacarrier
_bcr
_aOnline Ressource
264 _aNew York :
_bColumbia University Press,
_cc2000.
041 _aeng
500 _aAmerican Council of Learned Societies/ https://www.humanitiesebook.org/about/
999 _c64151
_d64151